Quizzes
Events
Quiz Creation
Community
Videos
Private Events
Remove Ads
Sign In
Join for FREE
Feedback
Dark Mode
Quiz Categories
Sports
Geography
Music
Movies
Television
Just For Fun
Miscellaneous
History
Literature
Language
Science
Gaming
Entertainment
Religion
Holiday
For Kids
Quiz Lab
Recent
Popular Today
Quiz Kudos Today
Editor Picks
Curator Picks
Quizzes by...
Day
Popularity
Type
Ratings
Length
Year
Community
Subscriptions
Recent Discussions
Orange Saloon
Badges
Playlists
Quests
Create
Leaderboards
Showdown
Live 5
Trivia Bingo
Activity
Puzzle Library
Sporcle Events
Private Events
Virtual Trivia
Globe League
Become a Host
Pub Owners
SporcleCon
Opinionation
Our Games
Videos
Blog
Mobile Apps
Partnerships
Remove Ads and Go Orange
Feedback
Music
Pop Music
The Beatles
Song
Album
Lyrics
Bands
Singers
Artist
Clip
Rock
Rap
Classical
Billboard
Country Music
Kpop
Taylor Swift
Music
Pop Music
The Beatles
Song
Album
Lyrics
Bands
Singers
Artist
Clip
Rock
Rap
Classical
Billboard
Country Music
Kpop
Taylor Swift
Random Quiz
Search Sporcle
×
Quiz Lab
Quiz Lab
Music
Rap
Type in answers that appear in a list
Type in answers that appear in a list
Classic
Best Score? Go Orange.
Drake Top 10s Stats
Can You Name Every Top 10 Drake Hit?
By
ronakthelion
20m
76 Questions
2,474 Plays
2,474 Plays
2,474 Plays
Comments
Comments
Give Quiz Kudos
Give Quiz Kudos
-
- Ratings
hide this ad
More Info
Replay
Link that replays current quiz
Next Quiz
Link to next quiz in quiz playlist
You Got
0%
They Got
Avg Score
24%
Avg Friend Score
Upgrade to see
Score Distribution
Jump to the score distribution portion of the page
Score
0/76
Timer
20:00
0
Plays Today
Year Song Peaked
Song
% Correct
2016
One Dance
70.8%
2009
Forever
66.4%
2018
God's Plan
66.4%
2012
Take Care
60.4%
2022
Rich Flex
58.5%
2023
Slime You Out
56.8%
2015
Hotline Bling
56.7%
2023
First Person Shooter
55.6%
2016
Work
52.9%
2023
IDGAF
51.5%
2018
Look Alive
50.4%
2023
MELTDOWN
49.7%
2009
Best I Ever Had
48.7%
2018
In My Feelings
47.7%
2018
Going Bad
47%
2013
Hold On, We're Going Home
46.6%
2021
Knife Talk
45.6%
2018
Nice For What
43.9%
2020
Laugh Now Cry Later
43.6%
2021
Wants And Needs
40.2%
2018
Yes Indeed
39.8%
2019
No Guidance
39.1%
2021
Fair Trade
38.6%
2017
Portland
38.2%
2022
WAIT FOR U
38.1%
2018
MIA
37.9%
2018
Don't Matter To Me
37.9%
2017
Passionfruit
37.8%
2020
Life Is Good
37.1%
2019
Money In The Grave
36.7%
2021
Way 2 Sexy
36%
2018
Walk It Talk It
36%
2010
What's My Name?
35.7%
2013
**** Problems
35.6%
2018
Nonstop
35.4%
2022
Pussy & Millions
33.7%
2020
POPSTAR
33.7%
2020
GREECE
33.7%
Year Song Peaked
Song
% Correct
2021
Girls Want Girls
33%
2013
Started From The Bottom
32.5%
2020
Toosie Slide
31%
2011
I'm On One
29.1%
2023
Virginia Beach
27.8%
2023
Search & Rescue
27.8%
2022
Jimmy Cooks
26.9%
2021
Lemon Pepper Freestyle
26.8%
2022
On BS
26.6%
2020
Pain 1993
25.9%
2022
Major Distribution
25.6%
2022
Spin Bout U
24.8%
2021
In The Bible
24.7%
2023
Calling For You
24.1%
2021
What's Next
23.9%
2022
Staying Alive
23.4%
2013
Love Me
23%
2017
Fake Love
22.6%
2021
Champagne Poetry
22.3%
2010
Find Your Love
22%
2022
Circo Loco
21.4%
2020
Mr. Right Now
20.4%
2011
Make Me Proud
20.1%
2021
Love All
19.6%
2022
Sticky
19.5%
2018
I'm Upset
19.4%
2023
Daylight
15.8%
2021
TSU
15.3%
2010
Right Above It
12.5%
2011
She Will
12.4%
2022
BackOutsideBoyz
11.3%
2021
Papi's Home
10.6%
2023
Fear of Heights
10.2%
2022
Privileged Rappers
10%
2018
Emotionless
9.8%
2022
Falling Back
6.7%
2016
Summer Sixteen
6.5%
2018
Diplomatic Immunity
6.3%
Quiz Playlist
Details
Report
Send in Message
Add To Playlist
More Info:
Does not include Bedrock or Sicko Mode since Drake is not credited as a featured artist on Billboard.
Classic:
Type in answers that appear in a list
Quiz Source
Last Updated: Dec 12, 2023
Quiz Scoreboard
CHALLENGE
Sign Up to Join the Scoreboard
Show All
Scores
Hide
Comments
May contain spoilers
Recently Published
One Thing in Common: World Cities II
by knightlancer
Geography
7m
Popular People in 1961
by mucciniale
History
6m
1-10 Letter E Words III
by El_Dandy
Language
2m
More to Explore
Quiz From the Vault
Featured Blog Post
Where Did the Easter Bunny Come From?
hide this ad
You Might Also Like...
Tags
Billboard Quiz
Rap Quiz
Drake
Hip-Hop
Music Stars
Rap Artists
Rapper
Top 10
Top Billboard
Top Music
Top Songs
US Billboard
Today's Top Quizzes in Music
Browse Music
hide this ad
Today's Top Quizzes in Rap
Browse Rap
Top Contributed Quizzes in Music
1
Taylor Swift All Songs (2024)
2
2010s Album by Cover III
3
One Thing in Common: Music
4
Taylor Swift Logic Puzzle
5
Guess the Artist- 70s Songs
6
2010s Album by Cover IV
7
Guess the Taylor Swift song (Mystery Song)
8
2010s Album by Cover V
9
Lana Del Rey Discography (BTD to DYKTTATUOB)
10
2010s Album by Cover VI
Explore More
Trending Topics
Crossword
Kpop
NBA
Anime
Harry Potter
Disney
Marvel
NFL
Puzzle
Soccer
Song
Country
WWE
Pokémon
The Office
hide this ad
More By:
ronakthelion
Quiz
Plays
Rating
Category
Featured
Created
The Weeknd Top 10s
17,466
4.52
Music
Mar 23, 2020
Ariana Grande Top 10s
2,716
4.88
Music
Nov 29, 2018
Drake Top 10s
2,474
5.00
Music
Dec 18, 2018
Kanye West Top 10s
1,598
5.00
Music
Oct 23, 2018
Best Melodic Rap Performance Grammy Nominees
1,509
5.00
Music
Mar 9, 2017
Go to Creator's Profile
Score Distribution
Quiz Creator Spotlight
ronakthelion
Follow
Send a Message
Quizzes Created
-
Created Quiz Play Count
-
More By This Creator
Popular Quizzes Today
1
Find the US States - No Outlines Minefield
2
Find the Countries of Europe - No Outlines Minefield
3
The Countries of the World
4
Popular People in 1961
5
1-10 Letter E Words III
6
Find the US States
7
One Thing in Common: World Cities II
8
US States
More Music Quizzes
'Beer Never Broke My Heart' Lyrics
Quiz Lab
Trending Quizzes
Risky Map Clicking: Least Populous States A-Z
1-10 Letter F Words
1-10 Letter G Words
One Thing in Common: United Kingdom
Risky Map Clicking: Biggest States A-Z
Recently Updated
Leaping Animals
pecheneg
Reality TV Shows (A-Z)
bhenderson79
Rickey Henderson's Hall of Fame Teammates
pecheneg
Champions League XIs: Arsenal
pecheneg
Quick Pick: Celebrities in WWE's Hall of Fame
aduchscher
A-Z Keypad Blitz II
pecheneg
Multiple Oscar Actors
pecheneg
Mystery Phrase Blitz: Oscar 'Best Actors'
pecheneg
F. Scott Fitzgerald Novels
LTH
Pick 3 Villains
ddd62291
Trending Topics
NBA
Harry Potter
Disney
Anime
Crossword
Kpop
Marvel
WWE
Country
Puzzle
Pokémon
The Office
NFL
Soccer
Song
Your Account Isn't Verified!
In order to create a playlist on Sporcle, you need to verify the email address you used during registration. Go to your
Sporcle Settings
to finish the process.
Report this User
Report this user for behavior that violates our
Community Guidelines
.
Details:
Send Report
Go to the Sporcle.com Mobile Site →
Comments